Slovensko - francúzske kontaktové javy v ekonomických textoch

Výskyt galicizmov v ekonomickej lexikálnej zásobe slovenského jazyka. Výpožičky z francúzštiny. Podobnosti a rozdiely termínov v oboch jazykoch. Preberanie francúzskych výrazov kedysi a dnes.

Gespeichert in:
Bibliographische Detailangaben
1. Verfasser: Rizeková, Iveta, 1961-
Format: Buchkapitel
Sprache:Slowakisch
Schlagworte:
Tags: Tag hinzufügen
Keine Tags, Fügen Sie das erste Tag hinzu!

MARC

LEADER 00000nla$a2200000$$$4500
001 0082331
005 20240502083219.1
041 0 |a slo 
044 |a FR 
245 1 0 |a Slovensko - francúzske kontaktové javy v ekonomických textoch  |c Iveta Rizeková 
520 |a Výskyt galicizmov v ekonomickej lexikálnej zásobe slovenského jazyka. Výpožičky z francúzštiny. Podobnosti a rozdiely termínov v oboch jazykoch. Preberanie francúzskych výrazov kedysi a dnes. 
610 2 0 |a jazyky cudzie 
610 2 0 |a vyučovanie 
610 2 0 |a vzdelávanie 
610 2 0 |a ekonómia 
610 2 0 |a komunikácia 
100 1 |a Rizeková, Iveta, 1961-